A Quiz About Herobrine - Statistics

General Stats
  • This quiz has been taken 34 times
  • The average score is 9 of 18
Answer Stats
Question Answer % Correct
Herobrine closely resembles this character in the game Steve
97%
Popular clichés about him Removing {leaves} from trees
83%
Herobrine's relation to Notch, according to the creepypasta Brother
79%
This 2010 Minecraft creepypasta, thought to be the result of a visual glitch, inspired the story above "{White} Eyes"
79%
Imageboard site where the first Herobrine creepypasta, along with the famous image of him, was posted 4chan
62%
What it reads in almost every Minecraft update changelog "{Removed} Herobrine"
62%
Official 2011 event which featured Herobrine in its promotional material Minecon
55%
CaptainSparklez parody song which features Herobrine as its antagonist, among the most watched Minecraft videos of all time {Fallen} Kingdom
52%
Quote, Notch's response to Herobrine rumors I have no plans of {adding} Herobrine as is
52%
Quote, popular phrase in Herobrine mods Only {God} can help you now
52%
Popular clichés about him Creating 2x2 {tunnel}s
48%
Popular clichés about him Building sand {pyramid}s
41%
Adventure map created by Hypixel in 2012, one of the most popular in the game Herobrine's {Mansion}
34%
Spoof of Herobrine, a figure with a black skin (inspired by a sign generation bug) Null
24%
It is believed that he used a retextured ______ to fake it (hint: a flat object) Painting
24%
Another name used for Herobrine earlier on "{Him}."
21%
Popular clichés about him He can be summoned with a {totem}
17%
Streamer who faked a sighting of him, increasing the popularity of the myth {Cope}land
10%
No matching quizzes found
Score Distribution
Percent of People with Each Score
Percentile by Number Answered
Your Score History
You have not taken this quiz